<?xml version="1.0" encoding="UTF-8"?>
<collection xmlns="http://www.loc.gov/MARC21/slim">
 <record>
  <leader>07524cam a2200673   4500</leader>
  <controlfield tag="001">884587959</controlfield>
  <controlfield tag="003">DE-627</controlfield>
  <controlfield tag="005">20230801084553.0</controlfield>
  <controlfield tag="007">tu</controlfield>
  <controlfield tag="008">170419s2017    fr |||||      00| ||fre c</controlfield>
  <datafield tag="020" ind1=" " ind2=" ">
   <subfield code="a">2356131833</subfield>
   <subfield code="c"> : broché</subfield>
   <subfield code="9">2-35613-183-3</subfield>
  </datafield>
  <datafield tag="020" ind1=" " ind2=" ">
   <subfield code="a">9782356131836</subfield>
   <subfield code="c"> : broché</subfield>
   <subfield code="9">978-2-35613-183-6</subfield>
  </datafield>
  <datafield tag="035" ind1=" " ind2=" ">
   <subfield code="a">(DE-627)884587959</subfield>
  </datafield>
  <datafield tag="035" ind1=" " ind2=" ">
   <subfield code="a">(DE-576)9884587957</subfield>
  </datafield>
  <datafield tag="035" ind1=" " ind2=" ">
   <subfield code="a">(DE-599)GBV884587959</subfield>
  </datafield>
  <datafield tag="035" ind1=" " ind2=" ">
   <subfield code="a">(OCoLC)978974836</subfield>
  </datafield>
  <datafield tag="040" ind1=" " ind2=" ">
   <subfield code="a">DE-627</subfield>
   <subfield code="b">ger</subfield>
   <subfield code="c">DE-627</subfield>
   <subfield code="e">rda</subfield>
  </datafield>
  <datafield tag="041" ind1=" " ind2=" ">
   <subfield code="a">fre</subfield>
   <subfield code="a">ita</subfield>
   <subfield code="a">ger</subfield>
   <subfield code="a">eng</subfield>
  </datafield>
  <datafield tag="044" ind1=" " ind2=" ">
   <subfield code="c">XA-FR</subfield>
  </datafield>
  <datafield tag="050" ind1=" " ind2="0">
   <subfield code="a">DE</subfield>
  </datafield>
  <datafield tag="082" ind1="0" ind2=" ">
   <subfield code="a">930</subfield>
  </datafield>
  <datafield tag="084" ind1=" " ind2=" ">
   <subfield code="a">NH 7350</subfield>
   <subfield code="2">rvk</subfield>
   <subfield code="0">(DE-625)rvk/125774:</subfield>
  </datafield>
  <datafield tag="084" ind1=" " ind2=" ">
   <subfield code="a">LE 1851</subfield>
   <subfield code="q">BVB</subfield>
   <subfield code="2">rvk</subfield>
   <subfield code="0">(DE-625)rvk/90720:</subfield>
  </datafield>
  <datafield tag="084" ind1=" " ind2=" ">
   <subfield code="a">15.06</subfield>
   <subfield code="2">bkl</subfield>
  </datafield>
  <datafield tag="084" ind1=" " ind2=" ">
   <subfield code="a">15.28</subfield>
   <subfield code="2">bkl</subfield>
  </datafield>
  <datafield tag="245" ind1="1" ind2="0">
   <subfield code="a">Auguste et l'Asie mineure</subfield>
   <subfield code="c">textes réunis et édités par Laurence Cavalier, Marie-Claire Ferriès, Fabrice Delrieux</subfield>
  </datafield>
  <datafield tag="264" ind1=" " ind2="1">
   <subfield code="a">Bordeaux</subfield>
   <subfield code="b">Ausonius Éditions</subfield>
   <subfield code="c">2017</subfield>
  </datafield>
  <datafield tag="300" ind1=" " ind2=" ">
   <subfield code="a">584 Seiten</subfield>
   <subfield code="b">IIlustrationen, Karten</subfield>
   <subfield code="c">22 cm</subfield>
  </datafield>
  <datafield tag="336" ind1=" " ind2=" ">
   <subfield code="a">Text</subfield>
   <subfield code="b">txt</subfield>
   <subfield code="2">rdacontent</subfield>
  </datafield>
  <datafield tag="337" ind1=" " ind2=" ">
   <subfield code="a">ohne Hilfsmittel zu benutzen</subfield>
   <subfield code="b">n</subfield>
   <subfield code="2">rdamedia</subfield>
  </datafield>
  <datafield tag="338" ind1=" " ind2=" ">
   <subfield code="a">Band</subfield>
   <subfield code="b">nc</subfield>
   <subfield code="2">rdacarrier</subfield>
  </datafield>
  <datafield tag="490" ind1="1" ind2=" ">
   <subfield code="a">Ausonius éditions</subfield>
   <subfield code="a">Scripta antiqua</subfield>
   <subfield code="v">97</subfield>
  </datafield>
  <datafield tag="500" ind1=" " ind2=" ">
   <subfield code="a">Literaturverzeichnis: Seite 485-528</subfield>
  </datafield>
  <datafield tag="505" ind1="8" ind2="0">
   <subfield code="a">Auguste et l'Asie Mineure : pouvoir et gouvernement -- Le &quot;laboratoire&quot; micrasiatique : influences, modèles et adaptations -- L'Asie Mineure et la révolution monétaire augustéenne -- Arnaud Suspène, Auguste et l'Asie Mineure : l'apport de la documentation numismatique -- La fiscalité de la province d'Asie au tournant de l'ère augustéenne : un bilan -- Auguste, (re)fondateur de cités en Asie Mineure : aspects constitutionnels -- La Lycie sous Auguste : une région entre libertas et provincia -- Propriété familiale, pouvoir impérial : origine et gestion du patrimonium dAuguste en Asie Mineure -- Cités grecques et administration romaine en Asie Mineure à l'époque augustéenne : l'interaction des normes civiques grecques et des dispositions romaines à travers la question des &quot;droits&quot; des juifs -- Les agents et les relais de Rome -- Les problèmes d'une mission publique entre République et Empire : P Vedius Pollio en Asie -- Marcus Lollius et le premier gouvernement de la Galatie -- Auguste et le droit de cité dans la province d'Asie -- Auguste et la concession de la citoyenneté romaine : enquête sur les Iulii en Carie -- Saeculum aureum ? L'Asie Mineure sous Auguste -- Le legs des guerres civiles -- Reconnaître Octavien et ses concurrents en Anatolie : les allégeances asiatiques durant les guerres civiles de la fin de la République -- La cité de Cyzique et Auguste en leur temps -- De nouveaux cadres de vie -- Aquae Augustae in Asia Minori ? Ruptures et continuités dans les eaux urbaines de l'Asie Mineure augustéenne -- Die augusteische Globalisierung als `Katalysator' kleinasiatischer Architektur ? Traditionen und Innovationen eines Epochenwandels -- Hierapolis di Frigia in età augustea e g iulio-claudia : spazi sacri ed immagine urbana tra radici anatoliche e modelli romani -- Octavien/Auguste et Aphrodisias : certitudes et perplexités -- Regards provinciaux sur Auguste -- Honneurs et patronages : le nouveau pouvoir vu par les provinciaux -- Strabo and the `PettyDynasts&quot; -- Un tournant pour le monnayage provincial romain d'Asie Mineure : les effigies de matrones romaines, Fulvia, Octavia, Livia etJulia (43 a.C.-37 p.C.) -- Le monnayage des colonies de Pont-Bithynie sous Auguste -- Lesbos sous Auguste. Du renouveau des traités à l'apothéose -- Des honneurs au culte -- Ein Altarfiir den Caesar-Kult in Tlos -- Le &quot;monument à bucranes&quot; au Létdon de Xanthos -- En marge du &quot;culte impérial': Formes et espaces des honneurs statuaires décernés à Auguste en Asie Mineure.</subfield>
  </datafield>
  <datafield tag="520" ind1=" " ind2=" ">
   <subfield code="a">&quot;&quot;Si tu exiges deux fois l'impôt, alors donne-nous deux moissons&quot;. Cette répartie cinglante d'Hybréas de Mylasa à Antoine illustre l'image d'une Asie saignée à blanc par l'administration de la République romaine, ses publicains avides, ses magistrats cupides et surtout par les pressions des armées des guerres civiles. La péninsule anatolienne, sans payer un tribut aussi lourd que la Macédoine et l'Achai͏̈e, a beaucoup souffert des conflits qui ont opposé les Républicains et les Césariens puis les Triumvirs. À l'inverse, le principat d'Auguste est souvent représenté comme une ère de paix et de prospérité, parce qu'il impose une tutelle stable, une administration réorganisée et un nouvel écrin à la vie civique. A l'occasion du bimillénaire de la mort d'Auguste, il apparaissait nécessaire de tenter un bilan de l'avancée dans travaux dans les diverses disciplines scientifiques pour mieux cerner la portée historique de ce &quot;saeculum aureum&quot; en Asie Mineure. A cette fin, il a été décidé de croiser sans cesse les points de vue : celui du prince qui désire asseoir son pouvoir dans une région longtemps dominée par ses adversaires vaincus et celui des provinciaux, attentifs à comprendre l'orientation que la politique de Rome est en train de prendre. Il nous est apparu également fructueux de confronter le regard que les historiens, les épigraphistes les archéologues et les numismates portaient sur le témoignage de leurs sources respectives.&quot;--Page 4 of cover</subfield>
  </datafield>
  <datafield tag="546" ind1=" " ind2=" ">
   <subfield code="a">Beiträge überwiegend französisch, teilweise italienisch, teilweise englisch, teilweise deutsch</subfield>
  </datafield>
  <datafield tag="650" ind1=" " ind2="0">
   <subfield code="a">Roman provinces</subfield>
   <subfield code="z">Asia</subfield>
   <subfield code="v">Congresses</subfield>
  </datafield>
  <datafield tag="650" ind1=" " ind2="0">
   <subfield code="a">Romans</subfield>
   <subfield code="z">Turkey</subfield>
  </datafield>
  <datafield tag="651" ind1=" " ind2="0">
   <subfield code="a">Turkey</subfield>
   <subfield code="x">History</subfield>
   <subfield code="y">To 1500</subfield>
   <subfield code="v">Congresses</subfield>
  </datafield>
  <datafield tag="651" ind1=" " ind2="0">
   <subfield code="a">Rome</subfield>
   <subfield code="x">History</subfield>
   <subfield code="y">Augustus, 30 B.C.-14 A.D</subfield>
   <subfield code="v">Congresses</subfield>
  </datafield>
  <datafield tag="651" ind1=" " ind2="0">
   <subfield code="a">Rome</subfield>
   <subfield code="x">Colonies</subfield>
   <subfield code="v">Congresses</subfield>
  </datafield>
  <datafield tag="655" ind1=" " ind2="7">
   <subfield code="a">Konferenzschrift</subfield>
   <subfield code="y">2014</subfield>
   <subfield code="z">Bordeaux</subfield>
   <subfield code="0">(DE-588)1071861417</subfield>
   <subfield code="0">(DE-627)826484824</subfield>
   <subfield code="0">(DE-576)433375485</subfield>
   <subfield code="2">gnd-content</subfield>
  </datafield>
  <datafield tag="689" ind1="0" ind2="0">
   <subfield code="d">p</subfield>
   <subfield code="0">(DE-588)118505122</subfield>
   <subfield code="0">(DE-627)079309577</subfield>
   <subfield code="0">(DE-576)160124220</subfield>
   <subfield code="a">Augustus</subfield>
   <subfield code="c">Römisches Reich, Kaiser</subfield>
   <subfield code="d">v63-14</subfield>
   <subfield code="2">gnd</subfield>
  </datafield>
  <datafield tag="689" ind1="0" ind2="1">
   <subfield code="d">g</subfield>
   <subfield code="0">(DE-588)4085685-9</subfield>
   <subfield code="0">(DE-627)10605726X</subfield>
   <subfield code="0">(DE-576)209230886</subfield>
   <subfield code="a">Anatolien</subfield>
   <subfield code="2">gnd</subfield>
  </datafield>
  <datafield tag="689" ind1="0" ind2=" ">
   <subfield code="5">(DE-627)</subfield>
  </datafield>
  <datafield tag="700" ind1="1" ind2=" ">
   <subfield code="a">Cavalier, Laurence</subfield>
   <subfield code="d">1958-</subfield>
   <subfield code="e">HerausgeberIn</subfield>
   <subfield code="0">(DE-588)1026373069</subfield>
   <subfield code="0">(DE-627)726652261</subfield>
   <subfield code="0">(DE-576)371708109</subfield>
   <subfield code="4">edt</subfield>
  </datafield>
  <datafield tag="700" ind1="1" ind2=" ">
   <subfield code="a">Ferriès, Marie-Claire</subfield>
   <subfield code="e">HerausgeberIn</subfield>
   <subfield code="0">(DE-588)1130596028</subfield>
   <subfield code="0">(DE-627)884809218</subfield>
   <subfield code="0">(DE-576)185932630</subfield>
   <subfield code="4">edt</subfield>
  </datafield>
  <datafield tag="700" ind1="1" ind2=" ">
   <subfield code="a">Delrieux, Fabrice</subfield>
   <subfield code="e">HerausgeberIn</subfield>
   <subfield code="0">(DE-588)138838836</subfield>
   <subfield code="0">(DE-627)617674809</subfield>
   <subfield code="0">(DE-576)187037736</subfield>
   <subfield code="4">edt</subfield>
  </datafield>
  <datafield tag="787" ind1="0" ind2="8">
   <subfield code="i">Rezensiert in</subfield>
   <subfield code="a">Podestà, Simone</subfield>
   <subfield code="t">[Rezension von: Laurence Cavalier (Hrsg.), Auguste et l'Asie Mineure]</subfield>
   <subfield code="d">2018</subfield>
   <subfield code="w">(DE-627)1805197088</subfield>
  </datafield>
  <datafield tag="830" ind1=" " ind2="0">
   <subfield code="a">Ausonius éditions / Scripta antiqua</subfield>
   <subfield code="v">97</subfield>
   <subfield code="9">97</subfield>
   <subfield code="w">(DE-627)492855714</subfield>
   <subfield code="w">(DE-576)087493829</subfield>
   <subfield code="w">(DE-600)2195953-5</subfield>
   <subfield code="x">1298-1990</subfield>
   <subfield code="7">ns</subfield>
  </datafield>
  <datafield tag="936" ind1="r" ind2="v">
   <subfield code="a">NH 7350</subfield>
   <subfield code="b">Augustus und die Julisch-Claudische Dynastie (31 v.Chr. - 68 n.Chr.)</subfield>
   <subfield code="k">Griechisch-römische Geschichte</subfield>
   <subfield code="k">Römische Geschichte</subfield>
   <subfield code="k">Römische Kaiserzeit (31 v. Chr. - 476 n.Chr.)</subfield>
   <subfield code="k">Augustus und die Julisch-Claudische Dynastie (31 v.Chr. - 68 n.Chr.)</subfield>
   <subfield code="0">(DE-627)1271456583</subfield>
   <subfield code="0">(DE-625)rvk/125774:</subfield>
   <subfield code="0">(DE-576)201456583</subfield>
  </datafield>
  <datafield tag="936" ind1="r" ind2="v">
   <subfield code="a">LE 1851</subfield>
   <subfield code="b">Einmalige Kongresse</subfield>
   <subfield code="k">Handbücher und Sammelwerke</subfield>
   <subfield code="k">Kongressberichte</subfield>
   <subfield code="k">Einmalige Kongresse</subfield>
   <subfield code="0">(DE-627)1274759560</subfield>
   <subfield code="0">(DE-625)rvk/90720:</subfield>
   <subfield code="0">(DE-576)204759560</subfield>
  </datafield>
  <datafield tag="936" ind1="b" ind2="k">
   <subfield code="a">15.06</subfield>
   <subfield code="j">Politische Geschichte</subfield>
   <subfield code="0">(DE-627)181570971</subfield>
  </datafield>
  <datafield tag="936" ind1="b" ind2="k">
   <subfield code="a">15.28</subfield>
   <subfield code="j">Römisches Reich</subfield>
   <subfield code="0">(DE-627)106405128</subfield>
  </datafield>
  <datafield tag="951" ind1=" " ind2=" ">
   <subfield code="a">BO</subfield>
  </datafield>
  <datafield tag="990" ind1=" " ind2=" ">
   <subfield code="a">Augustus &lt;Römisches Reich, Kaiser&gt; </subfield>
  </datafield>
  <datafield tag="990" ind1=" " ind2=" ">
   <subfield code="a">Anatolien</subfield>
  </datafield>
  <datafield tag="991" ind1=" " ind2=" ">
   <subfield code="a">Rezensiertes Werk</subfield>
  </datafield>
  <datafield tag="999" ind1=" " ind2=" ">
   <subfield code="a">KXP-PPN884587959</subfield>
   <subfield code="e">4152967102</subfield>
  </datafield>
 </record>
</collection>
